| 000 | 00459nam a22001457a 4500 | ||
|---|---|---|---|
| 999 |
_c130543 _d130543 |
||
| 008 | 201028b ||||| |||| 00| 0 eng d | ||
| 020 | _a0904210146 | ||
| 050 | _aBX2435.M375 | ||
| 100 |
_aMarteau, Louis _950002 |
||
| 245 |
_aComing together: _ba psychological reflection on relgious life _c/ by Louis Marteau |
||
| 260 |
_aLondon: _bT.Shand, _c1983. |
||
| 300 |
_a102p. ; _c18cm. |
||
| 650 |
_aReligious life _xPsychology _946348 |
||
| 942 |
_2lcc _cMONOGRAPH |
||